|
|
|
|
| LEADER |
00675nnm a2200193 i 4500 |
| 001 |
eta1179 |
| 005 |
20190418140644.0 |
| 008 |
181129s2011 hu o 0|| hun d |
| 040 |
|
|
|a SZTE Elektronikus Tananyag Archívum
|b hun
|
| 041 |
|
|
|a hun
|
| 100 |
1 |
|
|a Deák Magdolna
|
| 245 |
1 |
0 |
|a Rheumatoid arthritis
|h [elektronikus dokumentum] :
|b többszörös ritka extraartikularis manifesztációkkal /
|c Deák Magdolna
|
| 260 |
|
|
|c 2011
|
| 516 |
|
|
|a Presentation
|
| 650 |
|
4 |
|a Orvos- és egészségtudomány
|
| 650 |
|
4 |
|a Klinikai orvostan
|
| 650 |
|
4 |
|a Reumatológia
|
| 695 |
|
|
|a reumatológia
|
| 856 |
4 |
0 |
|u https://eta.bibl.u-szeged.hu/1179/1/rheumatoid_arthritis_hu.pptx
|z Dokumentum-elérés
|